Comedies; Vol.1
Zapisane w:
| 1. autor: | |
|---|---|
| Format: | Książka |
| Język: | Undetermined |
| Wydane: |
London
Everyman's Library
1995
|
| Hasła przedmiotowe: | |
| Etykiety: |
Dodaj etykietę
Nie ma etykietki, Dołącz pierwszą etykiete!
|
| Thư viện lưu trữ: | Trung tâm Học liệu Trường Đại học Cần Thơ |
|---|
| LEADER | 00476nam a2200181Ia 4500 | ||
|---|---|---|---|
| 001 | CTU_40046 | ||
| 008 | 210402s9999 xx 000 0 und d | ||
| 082 | |a 822.33 | ||
| 082 | |b S527c/Vol.1 | ||
| 100 | |a Shakespeare | ||
| 245 | 0 | |a Comedies; Vol.1 | |
| 245 | 0 | |c Shakespeare | |
| 260 | |a London | ||
| 260 | |b Everyman's Library | ||
| 260 | |c 1995 | ||
| 650 | |a english drama - 16th century | ||
| 904 | |i Minh, 001221 | ||
| 980 | |a Trung tâm Học liệu Trường Đại học Cần Thơ | ||